Contribución al problema de la poda de plantas ornamentales en la ciudad de tucumán /
Guardado en:
| Autor Principal: | |
|---|---|
| Formato: | Libro |
| Publicado: |
Tucumán :
Universidad Nacional del Tucumán / Facultad de Agronomía,
1955
|
| Materias: | |
| Etiquetas: |
Agregar Etiqueta
Sin Etiquetas, Sea el primero en etiquetar este registro!
|
| LEADER | 00606nam a22001695a 4500 | ||
|---|---|---|---|
| 001 | CEM.cems016070 | ||
| 008 | 130507s1955##################000#0#####d | ||
| 005 | 20210909190816.0 | ||
| 003 | CEMS | ||
| 245 | 1 | 0 | |a Contribución al problema de la poda de plantas ornamentales en la ciudad de tucumán / |c Jorge Alfredo Pico, |
| 260 | |a Tucumán : |b Universidad Nacional del Tucumán / Facultad de Agronomía, |c 1955 | ||
| 300 | |a 16 p. | ||
| 100 | 1 | |a Pico, Jorge Alfredo | |
| 082 | 0 | 4 | |a 712.62 |
| 653 | |a Arquitectura paisajista | ||
| 653 | |a Plantas ornamentales | ||
| 859 | |a CEMS |b BIB. CEMS - Agricultura |h 712.62 |i P587 |p A12888.84 |t Ej.1 | ||
